Cargando...

Whatever happened to imperialsim and other essays /

Detalles Bibliográficos
Autor Principal: Patnaik, Prabhat
Formato: Printed Book
Idioma:English
Publicado: New Delhi: Tulika, 1995.
Subjects:
LEADER 00563 a2200157 4500
008 100208b ||||| |||| 00| 0 eng d
082 |a 320.954 
100 |a Patnaik, Prabhat. 
245 |a Whatever happened to imperialsim and other essays / 
260 |b Tulika,  |a New Delhi:  |c 1995. 
650 |a Imperialism 
650 |a Capitalism 
650 |a Economic development 
942 |c BK 
999 |c 315768  |d 315768 
952 |0 0  |1 0  |2 ddc  |4 0  |6 320_954000000000000_PAT_W  |7 0  |9 361869  |a ECN  |b ECN  |c GEN  |d 2010-09-07  |g 0.00  |i 6278  |l 1  |o 320.954 PAT/W  |p ECN6278  |r 2014-05-14  |s 2011-12-29  |w 2010-09-07  |y BK